000 nam a22 7a 4500
999 _c129663
_d129663
008 190531b xxu||||| |||| 00| 0 eng d
050 _aPR3599.M3 H3
100 _aHalkett, John G.
_946550
245 _aMilton and the idea of matrimony:
_ba study of the divorce tracts and paradise lost
_c/ by John G. Halkett
260 _aLondon:
_bYalle University Press,
_c1970.
300 _aix,162p. ;
_c22cm.
440 _aYale studies in english
_nno.173
_946551
600 _aMilton, John
_915973
600 _aMilton, John . Paradise lost
_946552
650 _aMarriage in literature
_946553
942 _2lcc
_cMONOGRAPH